[Event "Olympiad Women-44"]
[Site "Chennai"]
[Date "2022.08.06"]
[Round "8.3"]
[White "Nassr, Rania"]
[Black "Borda Rodas, Anapaola S"]
[Result "0-1"]
[WhiteElo "1737"]
[BlackElo "2183"]
[PlyCount "88"]
[EventDate "2022.07.29"]
[EventType "team-swiss"]
[EventRounds "11"]
[EventCountry "IND"]
[SourceTitle "CBM 210"]
[Source "ChessBase"]
[SourceDate "2022.10.31"]
[SourceVersion "1"]
[SourceVersionDate "2022.10.31"]
[SourceQuality "1"]
[WhiteTeam "Algeria (W)"]
[BlackTeam "Argentina (W)"]
[WhiteTeamCountry "ALG"]
[BlackTeamCountry "ARG"]

1. d4 Nf6 2. Nf3 g6 3. g3 Bg7 4. Bg2 0-0 5. 0-0 d5 6. c4 dxc4 7. Na3 Nc6 8. Nxc4 Be6 9. b3 Bd5 10. Bb2 a5 11. Nfe5 Bxg2 12. Kxg2 Nxe5 13. Nxe5 a4 14. Nf3 Qd5 15. Qd3 a3 16. Bc3 Ne4 17. Rac1 g5 18. Kg1 c5 19. Ba1 g4 20. Nd2 Nxd2 21. Rxc5 Nf3+ 22. exf3 Qxf3 23. Qe3 e6 24. Rg5 h6 25. Rc5 Rfd8 26. h3 Rac8 27. hxg4 Qxe3 28. fxe3 Rxc5 29. dxc5 Bxa1 30. Rxa1 Rd2 31. Kf1 Kg7 32. Ke1 Rh2 33. Rc1 Rxa2 34. Kd1 Rb2 35. Ra1 Rxb3 36. Kd2 Kg6 37. Rc1 a2 38. Ra1 Ra3 39. Kc2 Kg5 40. Kb2 Ra5 41. Rxa2 Rxa2+ 42. Kxa2 Kxg4 43. Kb3 Kxg3 44. Kb4 h5 0-1

[Event "Olympiad Women-44"]
[Site "Chennai"]
[Date "2022.07.31"]
[Round "3.3"]
[White "Nassr, Rania"]
[Black "Kaslan, Alexandra"]
[Result "1-0"]
[WhiteElo "1737"]
[BlackElo "1435"]
[PlyCount "87"]
[EventDate "2022.07.29"]
[EventType "team-swiss"]
[EventRounds "11"]
[EventCountry "IND"]
[SourceTitle "CBM 210"]
[Source "ChessBase"]
[SourceDate "2022.10.31"]
[SourceVersion "1"]
[SourceVersionDate "2022.10.31"]
[SourceQuality "1"]
[WhiteTeam "Algeria (W)"]
[BlackTeam "Surinam (W)"]
[WhiteTeamCountry "ALG"]
[BlackTeamCountry "SUR"]

1. d4 e6 2. Nf3 Nf6 3. e3 d5 4. Bd3 c5 5. b3 Nbd7 6. 0-0 Bd6 7. Bb2 0-0 8. Nbd2 Re8 9. Ne5 Qc7 10. f4 cxd4 11. exd4 Nf8 12. c4 b6 13. Rc1 Qb7 14. Qe2 Bd7 15. c5 Bxe5 16. fxe5 Ne4 17. Bxe4 dxe4 18. Nxe4 Bb5 19. Qxb5 Qxe4 20. cxb6 axb6 21. a4 Qe3+ 22. Kh1 Ng6 23. Rce1 Qg5 24. Qe2 Rac8 25. Qf3 Rc7 26. Rc1 Qe7 27. Rxc7 Qxc7 28. Rc1 Qd7 29. Qc6 Qxc6 30. Rxc6 Rb8 31. Ba3 h6 32. Bd6 Rb7 33. Rc8+ Kh7 34. Rc7 Rb8 35. Rxf7 Rc8 36. Rc7 Ra8 37. g3 b5 38. axb5 Ra1+ 39. Kg2 Ra2+ 40. Kh3 Rb2 41. b4 Ra2 42. b6 Ra6 43. b7 Rb6 44. Rd7 1-0

[Event "Africa-ch U18 Girls"]
[Site "Windhoek"]
[Date "2019.12.19"]
[Round "5.2"]
[White "Nassr, Rania"]
[Black "Junior, Ednasia"]
[Result "0-1"]
[WhiteElo "1833"]
[BlackElo "1811"]
[PlyCount "69"]
[EventDate "2019.12.16"]
[EventType "swiss"]
[EventRounds "9"]
[EventCountry "NAM"]
[SourceTitle "EXT 2024"]
[Source "ChessBase"]
[SourceDate "2023.10.10"]
[SourceVersion "1"]
[SourceVersionDate "2023.10.10"]
[SourceQuality "1"]

1. c4 Nf6 2. Nc3 e5 3. Nf3 Nc6 4. e3 d5 5. cxd5 Nxd5 6. Bb5 Nxc3 7. bxc3 Bd6 8. d4 exd4 9. cxd4 Bd7 10. 0-0 0-0 11. e4 f6 12. Bb2 Rb8 13. Nd2 a6 14. Bd3 Nb4 15. Bb1 Bb5 16. Re1 Nd3 17. Bxd3 Bxd3 18. Re3 Bb5 19. Rh3 Bd7 20. Rh4 h6 21. Nf3 Be7 22. d5 Kh7 23. e5 fxe5 24. Rc4 b5 25. Rc3 Bg4 26. Qc2+ Bf5 27. Qb3 Bd6 28. Re3 e4 29. Nd4 Rf7 30. f3 Rc8 31. Rd1 exf3 32. Rxf3 Bc5 33. Rc1 Bxd4+ 34. Bxd4 Be4 35. Rxf7 0-1

[Event "Arab-ch U18 20 Girls"]
[Site "Hammamet"]
[Date "2018.10.28"]
[Round "1.1"]
[White "Nassr, Rania"]
[Black "Almaini, Aishah Sarhan"]
[Result "1/2-1/2"]
[WhiteElo "1901"]
[BlackElo "1544"]
[PlyCount "61"]
[EventDate "2018.10.28"]
[EventType "swiss"]
[EventRounds "9"]
[EventCountry "TUN"]
[SourceTitle "EXT 2024"]
[Source "ChessBase"]
[SourceDate "2023.10.10"]
[SourceVersion "1"]
[SourceVersionDate "2023.10.10"]
[SourceQuality "1"]

1. d4 Nf6 2. Nf3 g6 3. g3 Bg7 4. Bg2 0-0 5. 0-0 d6 6. b3 a6 7. c4 c6 8. Nc3 Nbd7 9. Ba3 Qa5 10. Qc1 b5 11. b4 Qb6 12. cxb5 axb5 13. Bb2 Bb7 14. Qd2 Rfc8 15. e4 c5 16. dxc5 dxc5 17. e5 cxb4 18. exf6 bxc3 19. Bxc3 Nxf6 20. Qb2 Bd5 21. Bd4 Qb7 22. Nh4 Bxg2 23. Nxg2 Ne8 24. Bxg7 Nxg7 25. Rfb1 Rcb8 26. Qe5 Qd7 27. Ne3 Rb7 28. Rb2 Rab8 29. Rab1 f6 30. Qd5+ Qxd5 31. Nxd5 1/2-1/2

[Event "Olympiad Women-43"]
[Site "Batumi"]
[Date "2018.09.25"]
[Round "2.13"]
[White "Nassr, Rania"]
[Black "Gajcin, Marina"]
[Result "0-1"]
[WhiteElo "1901"]
[BlackElo "2170"]
[PlyCount "48"]
[EventDate "2018.09.24"]
[EventType "team-swiss"]
[EventRounds "11"]
[EventCountry "GEO"]
[SourceTitle "EXT 2020"]
[Source "ChessBase"]
[SourceDate "2019.10.17"]
[SourceVersion "1"]
[SourceVersionDate "2019.10.17"]
[SourceQuality "1"]
[WhiteTeam "Algeria (W)"]
[BlackTeam "Serbia (W)"]
[WhiteTeamCountry "ALG"]
[BlackTeamCountry "SRB"]

1. d4 Nf6 2. Nc3 d5 3. Nf3 g6 4. Bf4 c6 5. e3 Bg7 6. Be2 0-0 7. Ne5 Nbd7 8. h4 h5 9. f3 Nxe5 10. Bxe5 Nd7 11. Bxg7 Kxg7 12. Qd3 b5 13. g4 Nf6 14. gxh5 Nxh5 15. Rg1 Rh8 16. 0-0-0 Nf6 17. f4 Kf8 18. h5 Nxh5 19. Rh1 b4 20. Na4 Bf5 21. Qd2 Qa5 22. b3 e6 23. Rh4 Be4 24. Rg1 Ke7 0-1

[Event "ALG-ch (Women)"]
[Site "Oran"]
[Date "2018.07.18"]
[Round "9"]
[White "Toubal, Hayat"]
[Black "Nassr, Rania"]
[Result "1/2-1/2"]
[WhiteElo "1840"]
[BlackElo "1874"]
[PlyCount "74"]
[EventDate "2018.07.12"]
[EventType "tourn"]
[EventRounds "9"]
[EventCountry "ALG"]
[SourceTitle "EXT 2019"]
[Source "ChessBase"]
[SourceDate "2018.10.10"]
[SourceVersion "1"]
[SourceVersionDate "2018.10.10"]
[SourceQuality "1"]

1. d4 Nf6 2. Nf3 e6 3. Bg5 Be7 4. e3 0-0 5. Bd3 d5 6. 0-0 b6 7. Nbd2 Bb7 8. Qe2 c5 9. c3 Nbd7 10. e4 dxe4 11. Nxe4 Bxe4 12. Bxe4 Nxe4 13. Bxe7 Nxc3 14. Qc4 Qxe7 15. Qxc3 Rac8 16. Qa3 Nf6 17. Rac1 Nd5 18. dxc5 bxc5 19. Rc4 Rc7 20. Rfc1 Rfc8 21. Nd2 e5 22. g3 f5 23. Nb3 e4 24. Re1 Nb6 25. Rc2 Qe5 26. Qa5 Qd6 27. Rd2 Qe7 28. Rc2 g6 29. Qc3 Qg7 30. Qxg7+ Kxg7 31. Rec1 c4 32. Nd2 Kf6 33. Kf1 g5 34. Ke2 h6 35. Rc3 a6 36. Ra3 Ra7 37. Rac3 Rac7 1/2-1/2

[Event "ALG-ch (Women)"]
[Site "Oran"]
[Date "2018.07.16"]
[Round "5"]
[White "Nassr, Manel"]
[Black "Nassr, Rania"]
[Result "0-1"]
[WhiteElo "1319"]
[BlackElo "1874"]
[PlyCount "60"]
[EventDate "2018.07.12"]
[EventType "tourn"]
[EventRounds "9"]
[EventCountry "ALG"]
[SourceTitle "EXT 2019"]
[Source "ChessBase"]
[SourceDate "2018.10.10"]
[SourceVersion "1"]
[SourceVersionDate "2018.10.10"]
[SourceQuality "1"]

1. e4 c5 2. c4 e6 3. Nc3 d6 4. g3 Nc6 5. Nge2 g6 6. d4 cxd4 7. Nxd4 Nge7 8. Bg5 Bg7 9. Nxc6 bxc6 10. Bg2 Rb8 11. Qc2 Ba6 12. b3 0-0 13. 0-0 h6 14. Be3 d5 15. exd5 cxd5 16. Rfd1 Qa5 17. Bd4 Bxd4 18. Rxd4 Nf5 19. Rg4 dxc4 20. bxc4 Rfc8 21. h4 Rxc4 22. Rxc4 Bxc4 23. Ne4 Ba6 24. Nf6+ Kg7 25. Nd7 Rc8 26. Qe4 Rc7 27. Qe5+ Qxe5 28. Nxe5 Rc5 29. Nd3 Bxd3 30. Rd1 Bb5 0-1

[Event "ALG-ch (Women)"]
[Site "Oran"]
[Date "2018.07.13"]
[Round "2"]
[White "Latreche, Sabrina"]
[Black "Nassr, Rania"]
[Result "1-0"]
[WhiteElo "2041"]
[BlackElo "1874"]
[PlyCount "115"]
[EventDate "2018.07.12"]
[EventType "tourn"]
[EventRounds "9"]
[EventCountry "ALG"]
[SourceTitle "EXT 2019"]
[Source "ChessBase"]
[SourceDate "2018.10.10"]
[SourceVersion "1"]
[SourceVersionDate "2018.10.10"]
[SourceQuality "1"]

1. e4 c5 2. Nc3 e6 3. Nge2 Nc6 4. g3 g6 5. Bg2 Bg7 6. 0-0 Nge7 7. d3 0-0 8. Be3 Nd4 9. Qd2 Re8 10. Nf4 d6 11. Rab1 Rb8 12. Nh3 b5 13. Bh6 Bh8 14. Ne2 d5 15. Nxd4 cxd4 16. exd5 Nxd5 17. Ng5 Bb7 18. Ne4 Qc7 19. Rfe1 Rbc8 20. Rbc1 b4 21. Qe2 Ba8 22. Nd2 e5 23. Nc4 Bc6 24. Qd2 a5 25. Re2 Re7 26. Rce1 Rce8 27. f4 Nb6 28. Nxe5 Bxg2 29. Kxg2 Nd5 30. Nc4 a4 31. Rxe7 Rxe7 32. Rxe7 Qxe7 33. Kf2 f6 34. Qe2 Kf7 35. Qxe7+ Kxe7 36. Kf3 f5 37. h3 Bf6 38. Ke2 Ke6 39. Kd2 Ne7 40. Bf8 Nd5 41. Bc5 g5 42. fxg5 Bxg5+ 43. Ke2 Bf6 44. Kf3 h5 45. Nb6 Ne3 46. Bxb4 Nxc2 47. Bc5 h4 48. gxh4 Bxh4 49. Nxa4 Kd5 50. b4 Ne1+ 51. Ke2 f4 52. Nb6+ Ke5 53. Nc4+ Kd5 54. Nd2 Bg3 55. Nf3 Nc2 56. Kd2 Ne3 57. Bxd4 Nf5 58. Bg1 1-0

[Event "Africa-ch (Women)"]
[Site "Oran"]
[Date "2017.07.09"]
[Round "8"]
[White "Nassr, Rania"]
[Black "February, Jesse Nikki"]
[Result "1-0"]
[WhiteElo "1783"]
[BlackElo "1823"]
[PlyCount "101"]
[EventDate "2017.07.02"]
[EventType "swiss"]
[EventRounds "9"]
[EventCountry "ALG"]
[SourceTitle "CBM 179 Extra"]
[Source "ChessBase"]
[SourceDate "2017.08.23"]
[SourceVersion "1"]
[SourceVersionDate "2017.08.23"]
[SourceQuality "1"]

1. d4 Nf6 2. Nf3 e6 3. c4 d5 4. e3 Be7 5. Nc3 0-0 6. Qc2 b6 7. cxd5 exd5 8. Bd3 c5 9. b3 Nc6 10. a3 h6 11. 0-0 Be6 12. Bb2 Qc7 13. Rac1 cxd4 14. Nb5 Qb8 15. Nbxd4 Nxd4 16. Nxd4 Ng4 17. g3 Ne5 18. Bf5 Rc8 19. Qxc8+ Bxc8 20. Rxc8+ Qxc8 21. Bxc8 Rxc8 22. Nf5 Ng6 23. Rd1 Bf8 24. Rxd5 Rc2 25. Bd4 Ra2 26. a4 Ra3 27. Rd7 Rxb3 28. Rxa7 Rb4 29. Ra6 b5 30. a5 Ra4 31. Ra8 f6 32. a6 Kf7 33. a7 Ne5 34. Rb8 Nf3+ 35. Kg2 Nxd4 36. Rb7+ Kg6 37. Nxd4 Bc5 38. Nxb5 h5 39. h4 Ra5 40. Kf3 Ra2 41. Ke4 f5+ 42. Ke5 Ra5 43. Kf4 Ra2 44. Kf3 Kh7 45. Rf7 Bb6 46. Rxf5 Kg6 47. Rf8 Rxa7 48. Nxa7 Bxa7 49. e4 Bc5 50. Rf5 Bd4 51. Rg5+ 1-0

[Event "Africa-ch (Women)"]
[Site "Oran"]
[Date "2017.07.07"]
[Round "6"]
[White "Lalaoui, Feriel"]
[Black "Nassr, Rania"]
[Result "0-1"]
[WhiteElo "1719"]
[BlackElo "1783"]
[PlyCount "76"]
[EventDate "2017.07.02"]
[EventType "swiss"]
[EventRounds "9"]
[EventCountry "ALG"]
[SourceTitle "CBM 179 Extra"]
[Source "ChessBase"]
[SourceDate "2017.08.23"]
[SourceVersion "1"]
[SourceVersionDate "2017.08.23"]
[SourceQuality "1"]

1. e4 c5 2. Nf3 e6 3. d4 cxd4 4. Nxd4 Nf6 5. Nc3 Nc6 6. Ndb5 Bb4 7. a3 Bxc3+ 8. Nxc3 d5 9. exd5 Nxd5 10. Nxd5 exd5 11. Bd3 0-0 12. 0-0 Re8 13. f4 f5 14. Qh5 g6 15. Qh6 Qf6 16. Bd2 Qxb2 17. h4 Qd4+ 18. Kh2 Nd8 19. Qg5 Nf7 20. Qg3 Bd7 21. Rad1 Nh6 22. Rf3 Ng4+ 23. Kh1 Qf6 24. Bf1 Bc6 25. Bc3 Qe7 26. Bd4 Qe6 27. Qh3 h5 28. Qg3 Kh7 29. Rb3 Qe4 30. c3 Qe7 31. Rbb1 Qxa3 32. Ra1 Qd6 33. Rxa7 Rxa7 34. Bxa7 Re4 35. Rd4 Qa3 36. Rxe4 dxe4 37. Bd4 Qc1 38. Kg1 Bb5 0-1

[Event "Africa-ch (Women)"]
[Site "Oran"]
[Date "2017.07.04"]
[Round "4"]
[White "Nassr, Rania"]
[Black "Hamza, Amira"]
[Result "0-1"]
[WhiteElo "1783"]
[BlackElo "1912"]
[PlyCount "88"]
[EventDate "2017.07.02"]
[EventType "swiss"]
[EventRounds "9"]
[EventCountry "ALG"]
[SourceTitle "CBM 179 Extra"]
[Source "ChessBase"]
[SourceDate "2017.08.23"]
[SourceVersion "1"]
[SourceVersionDate "2017.08.23"]
[SourceQuality "1"]

1. d4 Nf6 2. Nf3 d6 3. c4 Nbd7 4. Nc3 e5 5. dxe5 dxe5 6. e4 c6 7. g3 Be7 8. Bg2 0-0 9. 0-0 Qc7 10. Qc2 a5 11. Rd1 Nc5 12. h3 Be6 13. Bf1 Rad8 14. Be3 Bc8 15. b3 Rfe8 16. Kh2 Nfd7 17. Rd2 Ne6 18. Rad1 Ndc5 19. Qb2 Bf6 20. Rxd8 Rxd8 21. Rxd8+ Qxd8 22. Bxc5 Nxc5 23. Qd2 Qxd2 24. Nxd2 Ne6 25. Ne2 Be7 26. f4 exf4 27. gxf4 Nxf4 28. Nxf4 Bd6 29. Kg2 Bxf4 30. Nf3 Kf8 31. Nd4 Be5 32. Nf5 g6 33. Ne3 Ke7 34. Kf3 Bd7 35. Ke2 h5 36. Kf3 Kf6 37. Nc2 Kg5 38. Ne1 f5 39. Nd3 fxe4+ 40. Kxe4 Bd6 41. c5 Bg3 42. Ne5 Bf5+ 43. Kd4 Bf2+ 44. Kc3 Bxc5 0-1

[Event "Algiers zt 4.1 (Women)"]
[Site "Algiers"]
[Date "2017.05.18"]
[Round "9"]
[White "Marzouk, Amira"]
[Black "Nassr, Rania"]
[Result "0-1"]
[WhiteElo "1721"]
[BlackElo "1759"]
[PlyCount "88"]
[EventDate "2017.05.12"]
[EventType "tourn"]
[EventRounds "9"]
[EventCountry "ALG"]
[SourceTitle "CBM 178 Extra"]
[Source "ChessBase"]
[SourceDate "2017.06.22"]
[SourceVersion "1"]
[SourceVersionDate "2017.06.22"]
[SourceQuality "1"]

1. d4 d5 2. Bf4 Nf6 3. e3 c5 4. c3 Nc6 5. Nf3 Qb6 6. Qb3 c4 7. Qc2 Bf5 8. Qc1 Nh5 9. Bg3 Nxg3 10. hxg3 h6 11. Nbd2 Qc7 12. b3 b5 13. a4 cxb3 14. Bxb5 a6 15. Bxc6+ Qxc6 16. Nxb3 Rc8 17. Nc5 e6 18. Ne5 Qc7 19. Ncd3 Bxd3 20. Nxd3 Qxc3+ 21. Qxc3 Rxc3 22. Kd2 Rc4 23. Rab1 Bd6 24. Rb6 Ke7 25. Rxa6 Rhc8 26. Rc1 R8c7 27. Rxc4 dxc4 28. Ne5 Bb4+ 29. Kc2 Be1 30. a5 Bxf2 31. Rb6 Bxg3 32. Nc6+ Kd7 33. Nb8+ Kc8 34. a6 Ra7 35. Nc6 Kc7 36. Nxa7 Kxb6 37. Nc8+ Kxa6 38. Kc3 Kb7 39. Ne7 Bd6 40. Ng8 Kc6 41. Kxc4 f5 42. Kd3 Kd5 43. g3 h5 44. Ke2 e5 0-1

[Event "Algiers zt 4.1 (Women)"]
[Site "Algiers"]
[Date "2017.05.17"]
[Round "8"]
[White "Nassr, Rania"]
[Black "Abdi, Zineb Dina"]
[Result "1/2-1/2"]
[WhiteElo "1759"]
[BlackElo "1969"]
[PlyCount "171"]
[EventDate "2017.05.12"]
[EventType "tourn"]
[EventRounds "9"]
[EventCountry "ALG"]
[SourceTitle "CBM 178 Extra"]
[Source "ChessBase"]
[SourceDate "2017.06.22"]
[SourceVersion "1"]
[SourceVersionDate "2017.06.22"]
[SourceQuality "1"]

1. d4 d5 2. c4 e6 3. Nf3 Nf6 4. Nc3 Be7 5. e3 Nbd7 6. a3 a6 7. b3 0-0 8. Be2 c6 9. 0-0 Bd6 10. Bb2 Qe7 11. Re1 dxc4 12. bxc4 e5 13. Qc2 Re8 14. Nd2 Nf8 15. Nf1 g6 16. h3 Ne6 17. d5 cxd5 18. cxd5 Nc5 19. e4 b5 20. Nd2 Bb7 21. Nb3 Rac8 22. Nxc5 Bxc5 23. Qb3 Bd4 24. Bd3 Nh5 25. Ne2 Ba7 26. Rec1 Nf6 27. Rd1 Qd6 28. Bc3 Nd7 29. Qb2 Nc5 30. Bc2 Nd7 31. a4 Bc5 32. axb5 axb5 33. Rdb1 Ba6 34. Bd1 b4 35. Bd2 Bd3 36. Rc1 Bxe4 37. Ba4 Qxd5 38. Bxd7 Qxd7 39. Bxb4 Qb7 40. Ba3 Bxa3 41. Qxa3 Bxg2 42. Rcb1 Qf3 43. Rb3 Qxe2 44. Kxg2 Qe4+ 45. Rf3 Re6 46. Kh2 Qc4 47. Qa7 Qc7 48. Qa3 Rd8 49. Kg2 e4 50. Rc3 Qf4 51. Qa5 Rd3 52. Rxd3 exd3 53. Qd8+ Kg7 54. Qxd3 Qg5+ 55. Kh2 Qe5+ 56. Kg2 Rd6 57. Qf3 Rd5 58. Kh1 Qe6 59. Qc3+ Qf6 60. Qxf6+ Kxf6 61. Re1 Re5 62. Rd1 Re7 63. Rd3 Kg5 64. Kg2 f5 65. Rc3 Kf6 66. Rc6+ Re6 67. Rc7 h6 68. Rh7 Kg5 69. Rc7 Rb6 70. Rc3 Kh5 71. Rf3 Rf6 72. Kg3 g5 73. Rc3 f4+ 74. Kg2 Kh4 75. Rd3 h5 76. Rc3 g4 77. hxg4 hxg4 78. Rc5 Rd6 79. Rc8 Kg5 80. Rg8+ Kf5 81. Rf8+ Rf6 82. Re8 Ra6 83. Rf8+ Ke4 84. Re8+ Kd3 85. Rg8 f3+ 86. Kg3 1/2-1/2

[Event "Algiers zt 4.1 (Women)"]
[Site "Algiers"]
[Date "2017.05.16"]
[Round "7"]
[White "Chihi, Malak"]
[Black "Nassr, Rania"]
[Result "1-0"]
[WhiteElo "1639"]
[BlackElo "1759"]
[PlyCount "91"]
[EventDate "2017.05.12"]
[EventType "tourn"]
[EventRounds "9"]
[EventCountry "ALG"]
[SourceTitle "CBM 178 Extra"]
[Source "ChessBase"]
[SourceDate "2017.06.22"]
[SourceVersion "1"]
[SourceVersionDate "2017.06.22"]
[SourceQuality "1"]

1. e4 c6 2. d4 d5 3. exd5 cxd5 4. Bd3 Nf6 5. c3 Nc6 6. Bf4 a6 7. a4 g6 8. Nd2 Bg7 9. Ngf3 Nh5 10. Bg3 Nxg3 11. hxg3 Qc7 12. Qe2 0-0 13. 0-0 Bg4 14. Qe3 Rab8 15. Qg5 Be6 16. Qh4 f6 17. g4 Bf7 18. g5 f5 19. g3 e5 20. dxe5 Nxe5 21. Nxe5 Bxe5 22. Kg2 Be8 23. Nf3 Bh8 24. Rfe1 f4 25. Qg4 Bd7 26. Qh4 Bf5 27. Bxf5 Rxf5 28. gxf4 Rxf4 29. Qg3 Rbf8 30. Re3 Qd7 31. Qh2 Qg4+ 32. Qg3 Rxa4 33. Rxa4 Qxa4 34. Re7 Qc6 35. Qh3 Rf7 36. Rxf7 Kxf7 37. Qxh7+ Ke6 38. Qxg6+ Kd7 39. Qh7+ Kd6 40. Qxh8 Qd7 41. Kg3 Kc5 42. Qd4+ Kd6 43. Qb6+ Ke7 44. Qf6+ Ke8 45. Qh8+ Ke7 46. Qg7+ 1-0

[Event "Algiers zt 4.1 (Women)"]
[Site "Algiers"]
[Date "2017.05.13"]
[Round "3"]
[White "Nassr, Rania"]
[Black "Mezioud, Amina"]
[Result "0-1"]
[WhiteElo "1759"]
[BlackElo "2052"]
[PlyCount "90"]
[EventDate "2017.05.12"]
[EventType "tourn"]
[EventRounds "9"]
[EventCountry "ALG"]
[SourceTitle "CBM 178 Extra"]
[Source "ChessBase"]
[SourceDate "2017.06.22"]
[SourceVersion "1"]
[SourceVersionDate "2017.06.22"]
[SourceQuality "1"]

1. d4 d5 2. Nf3 e6 3. c4 Nf6 4. Qc2 Be7 5. g3 0-0 6. Bg2 c6 7. 0-0 dxc4 8. Qxc4 b5 9. Qc2 Bb7 10. Bd2 Nbd7 11. b4 Nb6 12. Bc3 Nbd5 13. a3 Nxc3 14. Qxc3 a5 15. bxa5 Nd5 16. Qb2 Rxa5 17. Nfd2 Qa8 18. Nb3 Ra4 19. Bxd5 exd5 20. Rc1 Qa7 21. Nc5 Rxd4 22. Qxd4 Bf6 23. Qg4 Bc8 24. Qb4 Bxa1 25. Nb3 Bf6 26. Rxc6 Bf5 27. N1d2 Bd7 28. Rc1 Bb2 29. Qc5 Qxa3 30. Rc2 b4 31. Nd4 Qa1+ 32. Kg2 Bxd4 33. Qxd5 Qa8 34. Qxa8 Rxa8 35. Rc7 Be6 36. e3 Bc3 37. Nb1 Bd5+ 38. Kh3 Bf6 39. Nd2 b3 40. Rc5 Be6+ 41. Kg2 b2 42. Rb5 h6 43. Ne4 Bd5 44. f3 Bxe4 45. fxe4 Ra1 0-1

[Event "ALG-ch sf (Women)"]
[Site "Algiers"]
[Date "2017.03.31"]
[Round "5"]
[White "Nassr, Rania"]
[Black "Yousfi, Yasmine"]
[Result "1-0"]
[WhiteElo "1738"]
[BlackElo "1544"]
[PlyCount "65"]
[EventDate "2017.03.29"]
[EventType "swiss"]
[EventRounds "7"]
[EventCountry "ALG"]
[SourceTitle "EXT 2018"]
[Source "ChessBase"]
[SourceDate "2017.10.13"]
[SourceVersion "1"]
[SourceVersionDate "2017.10.13"]
[SourceQuality "1"]

1. d4 Nf6 2. Nf3 e6 3. g3 d5 4. Bg2 Be7 5. 0-0 0-0 6. b3 c5 7. e3 Nc6 8. Bb2 b6 9. Ne5 Bb7 10. Nd2 Rc8 11. a3 Nxe5 12. dxe5 Ne4 13. Nxe4 dxe4 14. Qg4 Qd5 15. Rfd1 Qc6 16. c4 Rfd8 17. h4 b5 18. Bf1 bxc4 19. Bxc4 Qb6 20. Rd6 Rxd6 21. exd6 Bf8 22. Rd1 Rd8 23. Be5 Qc6 24. h5 Qd7 25. Bxg7 f5 26. Qg5 Qxg7 27. Bxe6+ Kh8 28. Qxd8 Ba6 29. d7 Bd3 30. Bxf5 Qf7 31. Qe8 Qxf5 32. d8Q Kg7 33. Qdd7+ 1-0

[Event "ALG-ch sf (Women)"]
[Site "Algiers"]
[Date "2017.03.30"]
[Round "4"]
[White "Toubal, Hayat"]
[Black "Nassr, Rania"]
[Result "1-0"]
[WhiteElo "1900"]
[BlackElo "1738"]
[PlyCount "105"]
[EventDate "2017.03.29"]
[EventType "swiss"]
[EventRounds "7"]
[EventCountry "ALG"]
[SourceTitle "EXT 2018"]
[Source "ChessBase"]
[SourceDate "2017.10.13"]
[SourceVersion "1"]
[SourceVersionDate "2017.10.13"]
[SourceQuality "1"]

1. d4 Nf6 2. Nf3 e6 3. c4 b6 4. Bg5 Be7 5. Nc3 Bb7 6. e3 0-0 7. Be2 c5 8. dxc5 Bxc5 9. 0-0 Be7 10. Rc1 Na6 11. Nd4 Nc5 12. Bf3 Bxf3 13. Nxf3 d6 14. Qc2 a6 15. Rfd1 Qc7 16. h3 Rfd8 17. Qb1 Rac8 18. Bf4 Qb7 19. Bh2 h6 20. Nd4 Bf8 21. Nf3 Qa8 22. Nd4 Qb7 23. Nf3 e5 24. Nd5 Nxd5 25. Rxd5 b5 26. Rdd1 e4 27. Ne1 bxc4 28. Rxc4 d5 29. Rc3 Rc6 30. Qc1 Rcc8 31. Qd2 a5 32. Rdc1 Na4 33. Rc7 Bb4 34. Qe2 Rxc7 35. Rxc7 Qb6 36. b3 Nc3 37. Qh5 Rf8 38. Be5 Nb5 39. Qg4 g5 40. Rc1 f6 41. Bb2 Qd6 42. Nc2 f5 43. Qh5 Bc5 44. Nd4 Bxd4 45. Bxd4 Nxd4 46. exd4 Kg7 47. Rc5 a4 48. b4 Rf7 49. b5 e3 50. Rc6 exf2+ 51. Kf1 Qg3 52. Qxh6+ Kg8 53. Rg6+ 1-0

[Event "ALG-ch sf (Women)"]
[Site "Algiers"]
[Date "2017.03.29"]
[Round "2"]
[White "Nassr, Rania"]
[Black "Ibbou, Schahinez"]
[Result "1-0"]
[WhiteElo "1738"]
[BlackElo "1377"]
[PlyCount "77"]
[EventDate "2017.03.29"]
[EventType "swiss"]
[EventRounds "7"]
[EventCountry "ALG"]
[SourceTitle "EXT 2018"]
[Source "ChessBase"]
[SourceDate "2017.10.13"]
[SourceVersion "1"]
[SourceVersionDate "2017.10.13"]
[SourceQuality "1"]

1. d4 d5 2. Nf3 Nf6 3. g3 e6 4. Bg2 c6 5. 0-0 Bd6 6. b3 0-0 7. Bb2 Nbd7 8. Nbd2 Re8 9. Ne5 Qc7 10. Nxd7 Nxd7 11. e4 Bf8 12. c4 Nf6 13. Qc2 Qd8 14. a3 b5 15. e5 Ng4 16. h3 Nh6 17. g4 Bb7 18. f4 Rc8 19. c5 g6 20. b4 Bg7 21. Nf3 Kh8 22. Bc1 Rc7 23. Be3 Ng8 24. f5 exf5 25. gxf5 Nh6 26. f6 Bf8 27. Bf4 Rc8 28. h4 Qd7 29. Qd2 Nf5 30. Bh3 h6 31. Bxf5 Qxf5 32. Bxh6 g5 33. Bxg5 Qg6 34. Kf2 Kh7 35. Rg1 Qh5 36. Bf4 Qf5 37. Rg5 Qh3 38. Rh5+ Kg8 39. Rg1+ 1-0

[Event "Africa-ch U16 Girls"]
[Site "Port Elizabeth"]
[Date "2016.08.27"]
[Round "8"]
[White "Bakouche, Narimene"]
[Black "Nassr, Rania"]
[Result "0-1"]
[WhiteElo "1572"]
[BlackElo "1655"]
[PlyCount "42"]
[EventDate "2016.08.22"]
[EventType "swiss"]
[EventRounds "9"]
[EventCountry "RSA"]
[SourceTitle "CBM 174 Extra"]
[Source "ChessBase"]
[SourceDate "2016.10.10"]
[SourceVersion "1"]
[SourceVersionDate "2016.10.10"]
[SourceQuality "1"]

1. e4 c5 2. Nf3 Nc6 3. d4 cxd4 4. Nxd4 Nf6 5. Nc3 e6 6. a3 Be7 7. Be2 a6 8. 0-0 Qc7 9. Be3 0-0 10. Nb3 b5 11. f3 Bb7 12. Bf2 d6 13. Nc1 Rfd8 14. f4 Na5 15. Bf3 Nc4 16. Nd3 Nxb2 17. Nxb5 axb5 18. Nxb2 Bxe4 19. Bxe4 Nxe4 20. Be3 d5 21. Qf3 Qxc2 0-1